Sister carirre (Record no. 3671)

MARC details
000 -LEADER
fixed length control field 00344nam a22001457a 4500
008 - FIXED-LENGTH DATA ELEMENTS--GENERAL INFORMATION
fixed length control field 250525b |||||||| |||| 00| 0 eng d
020 ## - INTERNATIONAL STANDARD BOOK NUMBER
ISBN 0140390022
100 ## - MAIN ENTRY--AUTHOR
Author Dreiser, Theodore
245 ## - TITLE STATEMENT
Title Sister carirre
260 ## - PUBLICATION, DISTRIBUTION, ETC. (IMPRINT)
Place of publication New york
Name of publisher Penguin books ltd.
300 ## - COLLATION
Pagination xviii, 499p.
650 ## - TRACINGS
Main Subject Fiction
942 ## - ADDED ENTRY ELEMENTS (KOHA)
Item type Books
050 ## - LIBRARY OF CONGRESS CALL NUMBER
Classification number PS3507
Item number .D74
Holdings
Source of classification or shelving scheme Not for loan Permanent location Current location Date acquired Accession No. Full call number Barcode. Koha item type
Library of Congress Classification   Samuel Ogbemudia Main Library, University of Abuja Samuel Ogbemudia Main Library, University of Abuja 05/25/2025 2018/50658 PS3507.D74 2025-2187 Books